Vybrané kapitoly z medzinárodných vzťahov a bezpečnosti úvod do štúdia medzinárodných vzťahov a bezpečnosti
Gespeichert in:
| 1. Verfasser: | |
|---|---|
| Format: | Buch |
| Sprache: | Slowakisch |
| Veröffentlicht: |
Bratislava
Štátny pedagogický ústav
2001
|
| Schlagworte: | |
| Tags: |
Keine Tags, Fügen Sie das erste Tag hinzu!
|
MARC
| LEADER | 00000nam a2200000 4500 | ||
|---|---|---|---|
| 001 | c136524 | ||
| 005 | 20221124104919.6 | ||
| 020 | |a 80-85756-44-7 | ||
| 041 | 0 | |a slo | |
| 044 | |a SK | ||
| 245 | 1 | 0 | |a Vybrané kapitoly z medzinárodných vzťahov a bezpečnosti |b úvod do štúdia medzinárodných vzťahov a bezpečnosti |c Jozef Klavec |
| 264 | 1 | |a Bratislava |b Štátny pedagogický ústav |c 2001 | |
| 300 | |a 60 s. | ||
| 610 | 2 | 0 | |a politika medzinárodná |
| 610 | 2 | 0 | |a bezpečnosť |
| 610 | 2 | 0 | |a vývoj |
| 610 | 2 | 0 | |a politika zahraničná |
| 610 | 2 | 0 | |a revolúcia |
| 610 | 2 | 0 | |a moc politická |
| 610 | 2 | 0 | |a vojny |
| 610 | 2 | 0 | |a konflikty |
| 610 | 2 | 0 | |a analýzy |
| 610 | 2 | 0 | |a štát |
| 610 | 2 | 0 | |a právo medzinárodné |
| 610 | 2 | 0 | |a diplomacia |
| 610 | 2 | 0 | |a Európska únia |
| 610 | 2 | 0 | |a NATO |
| 100 | 1 | |a Klavec, Jozef | |